| 000 -ლიდერი |
| ფიქსირებული სიგრძის საკონტროლო ველი |
01255nam a2200241Ia 4500 |
| 001 - საკონტროლო ნომერი |
| საკონტროლო ველი |
6226 |
| 003 - საკონტროლო ნომრის იდენტიფიკატორი |
| საკონტროლო ველი |
GE_BSU |
| 005 - ბოლო ოპერაციის თარიღი და დრო |
| საკონტროლო ველი |
20190614214626.0 |
| 008 - ფიქსირებული სიგრძის მონაცემთა ელემენტები - ზოგადი ინფორმაცია |
| ფიქსირებული სიგრძის საკონტროლო ველი |
181216s1983||||ge |||||||||||||| ||geo|| |
| 040 ## - კატალოგიზაციის წყარო |
| Transcribing agency |
GE_BSU |
| 041 ## - ენის კოდი |
| Language code of text/sound track or separate title |
geo |
| 080 ## - უნივერსალური ათობითი კლასიფიკაციის ინდექსი |
| Universal Decimal Classification number |
621.311.22 ვ-28 |
| 100 ## - მთავარი ჩანაწერი - პიროვნების სახელი |
| Personal name |
ვეზირიშვილი, ო. |
| 9 (RLIN) |
2511 |
| 245 ## - ცნობა სათაურის შესახებ |
| Title |
ლაბორატორიული სამუშაოები თბოფიკაციისა და თბური ქსელების კურსში / |
| Statement of responsibility, etc |
ო. ვეზირიშვილი, ქ. ვეზირიშვილი ; რედ. ე. გიორგაძე |
| 264 ## - წარმოების, გამოცემის, დისტრიბუციის და სხვა ცნობები |
| გამოცემის, წარმოების, დისტრიბუციის... ადგილი |
თბილისი : |
| გამოცემის, წარმოების, დისტრიბუციის... სახელწოდება |
სპი, |
| გამოცემის, წარმოების, დისტრიბუციის... თარიღი |
1983. |
| 300 ## - ფიზიკური აღწერა |
| Extent |
62 გვ. ; |
| Dimensions |
20 სმ. |
| 504 ## - BIBLIOGRAPHY, ETC. NOTE |
| Bibliography, etc |
ბიბლიოგრ. : გვ.61. |
| 653 ## - INDEX TERM--UNCONTROLLED |
| Uncontrolled term |
თბოფიკაცია და თბური ქსელები |
| 653 ## - INDEX TERM--UNCONTROLLED |
| Uncontrolled term |
ლაბორატორიული სამუშაოები თბოფიკაციისა და თბური ქსელების კურსში |
| 700 ## - ADDED ENTRY--PERSONAL NAME |
| Personal name |
ვეზირიშვილი, ქ. |
| Relator term |
ავტორი |
| 9 (RLIN) |
2512 |
| 710 ## - ADDED ENTRY--CORPORATE NAME |
| Corporate name or jurisdiction name as entry element |
გიორგაძე, ე. |
| Relator term |
რედაქტორი |
| 9 (RLIN) |
2513 |
| 942 ## - ADDED ENTRY ELEMENTS (KOHA) |
| Koha item type |
წიგნი |
| Source of classification or shelving scheme |
|